000 nam a22 7a 4500
999 _c129436
_d129436
008 190424b xxu||||| |||| 00| 0 eng d
020 _a9780334057017
050 _aBT83.S85 W724 2018
100 _aWilliams, J.P.
_945924
245 _aSeeking the God beyond:
_ba beginner's guide to christian apophatic spirituality
_c/ by J.P Williams
260 _aLondon:
_bSCM Press,
_c2018.
300 _axx, 203p. ;
_c24cm.
650 _aNegative theology
_xchristianity
_945925
942 _2lcc
_cMONOGRAPH